Đại số tuyến tính : Toán cao cấp 2

Đã lưu trong:
Bibliografiske detaljer
Hovedforfatter: Đoàn, Vương Nguyên
Format: Sách
Sprog:Undetermined
Udgivet: Đại học Công nghiệp TP. Hồ Chí Minh 2017
Fag:
Online adgang:https://opac.iuh.edu.vn/TraCuuTaiLieuSo2XemChiTiet.aspx?Id=99404
Tags: Tilføj Tag
Ingen Tags, Vær først til at tagge denne postø!
Thư viện lưu trữ: Trung tâm Thư viện - Trường Đại học Công nghiệp TP. Hồ Chí Minh
LEADER 00634nam a2200169Ia 4500
001 UIH_00214
008 230809s9999 xx 000 0 und d
082 |a 512.5 
100 |a Đoàn, Vương Nguyên 
245 0 |a Đại số tuyến tính : Toán cao cấp 2 
245 0 |c Đoàn, Vương Nguyên 
260 |b Đại học Công nghiệp TP. Hồ Chí Minh 
260 |c 2017 
650 |a Đại số tuyến tính; 
856 |u https://opac.iuh.edu.vn/TraCuuTaiLieuSo2XemChiTiet.aspx?Id=99404 
927 |a Sách 
980 |a Trung tâm Thư viện - Trường Đại học Công nghiệp TP. Hồ Chí Minh